000 00456nam a2200145Ia 4500
008 230917s9999||||xx |||||||||||||| ||und||
040 _e172481
_aMAIN
041 _aEnglish
082 _a891.433711 TS738S
100 _aत्रिपाठी, सोमदत
245 0 _aशक्तिपुत्र छत्रसाल
260 _aनई दिल्ली
_bसुरूचि साहित्य
_c1980
300 _a248 p.
942 _cHN
999 _c212611
_d212611